| 000 | 004920000a22001810004500 | ||
|---|---|---|---|
| 003 | MACL | ||
| 005 | 20160128172946.0 | ||
| 008 | 160128b xxu||||| |||| 00| 0 eng d | ||
| 040 |
_aMACL _cmalc |
||
| 041 | _aEnglish | ||
| 082 | _a920.71/RAJ | ||
| 100 |
_aRajaram, Kalpana _935138 |
||
| 245 | _aGandhi Nehru Tagore and other Eminent Personalities of Modern India | ||
| 260 |
_bSpectrum India _c2002 _aNew Delhi |
||
| 350 | _a90 | ||
| 650 |
_aBiography _935139 |
||
| 942 |
_cBK _k920.71/RAJ _2ddc |
||
| 999 |
_c31142 _d31142 |
||